Statistics for All Time Indianapolis 500 Champions

Click here to take the quiz!

General Stats

  • This quiz has been taken 64 times
    (6 since last reset)
  • The average score is 24 of 110

Answer Stats

YEARDRIVER% Correct
2023Josef Newgarden
100%
2016Alexander Rossi
67%
1970 | 1971 | 1978 | 1987Al Unser
67%
1992 | 1994Al Unser Jr.
67%
1968 | 1975 | 1981Bobby Unser
67%
1966Graham Hill
67%
2001 | 2002 | 2009 | 2021Helio Castroneves
67%
1995Jacques Villeneuve
67%
2000 | 2015Juan Pablo Montoya
67%
2006Sam Hornish Jr.
67%
1961 | 1964 | 1967 | 1977A.J. Foyt
33%
1953 | 1954Bill Vukovich
33%
1986Bobby Rahal
33%
2004Buddy Rice
33%
2005 | 2011Dan Wheldon
33%
2007 | 2010 | 2012Dario Franchitti
33%
2003Gil de Ferran
33%
1965Jim Clark
33%
2022Marcus Ericsson
33%
1969Mario Andretti
33%
1963Parnelli Jones
33%
1979 | 1984 | 1988 | 1991Rick Mears
33%
1959 | 1962Rodger Ward
33%
2014Ryan Hunter-Reay
33%
2008Scott Dixon
33%
2019Simon Pagenaud
33%
2017 | 2020Takuma Sato
33%
2018Will Power
33%
1990 | 1997Arie Luyendyk
0%
1934Bill Cummings
0%
1949Bill Holland
0%
1930Billy Arnold
0%
1955Bob Sweikert
0%
1996Buddy Lazier
0%
1985Danny Sullivan
0%
1916Dario Resta
0%
1998Eddie Cheever Jr.
0%
1989 | 1993Emerson Fittipaldi
0%
1941*Floyd Davis
0%
1938Floyd Roberts
0%
1926Frank Lockhart
0%
1932Fred Frame
0%
1920Gaston Chevrolet
0%
1946George Robson
0%
1927George Souders
0%
1973 | 1982Gordon Johncock
0%
1919Howdy Wilcox
0%
1958Jimmy Bryan
0%
1922Jimmy Murphy
0%
1960Jim Rathmann
0%
1924*Joe Boyer
0%
1912Joe Dawson
0%
1950Johnnie Parsons
0%
1974 | 1976 | 1980Johnny Rutherford
0%
2024Josef Newgarden
0%
1913Jules Goux
0%
1935Kelly Petillo
0%
1999Kenny Brack
0%
1951Lee Wallard
0%
1924*Lora Corum
0%
1928 | 1933 | 1936Louis Meyer
0%
1931Louis Schneider
0%
1972Mark Donohue
0%
1941* | 1947 | 1948Mauri Rose
0%
1956Pat Flaherty
0%
1925Peter DePaolo
0%
1915Ralph DePalma
0%
1911Ray Harroun
0%
1929Ray Keech
0%
1914Rene' Thomas
0%
1957Sam Hanks
0%
1921 | 1923Tommy Milton
0%
1983Tom Sneva
0%
2013Tony Kanaan
0%
1952Troy Ruttman
0%
1937 | 1939 | 1940Wilbur Shaw
0%

Score Distribution

Percentile by Number Answered

Percent of People with Each Score

Your Score History

You have not taken this quiz since the last reset